000 00532cam a2200193 4500
001 D1171
008 090401t1977 xxu||||| |||| 00| 0 eng d
035 _a(Sirsi) u62820
041 _aeng
050 _a692.3
100 _aAzzaro, D.W.
245 _aTowards a simpler standard method of measurement: commentary on paper by Creer and Drake
260 _aLondon
_bStandard Method of Measurement Developme
_c1977
300 _a4 leaves. 30cm
350 _a0
520 _aFiled at SMMDU/19
942 _n0
948 _c04/03/1997
999 _c94484
_d94484